|
|
|
|
| LEADER |
00000nam0a2200000 4500 |
| 001 |
266306 |
| 005 |
20231101234006.0 |
| 020 |
|
|
|a RU
|b 86-51647
|
| 035 |
|
|
|a (RuTPU)RU\TPU\book\289325
|
| 090 |
|
|
|a 266306
|
| 100 |
|
|
|a 20140707d1986 km y0rusy5003 ca
|
| 101 |
0 |
|
|a rus
|
| 102 |
|
|
|a RU
|
| 105 |
|
|
|a a z 001zy
|
| 200 |
1 |
|
|a Учрежденческая АТС типа ЕСК 400Е-III W
|f С. И. Храмченков, М. Г. Гринберг
|
| 210 |
|
|
|a Москва
|c Транспорт
|d 1986
|
| 215 |
|
|
|a 158 с.
|c ил.
|d 22 см
|
| 320 |
|
|
|a Библиогр.: с. 157 (5 назв.).
|
| 606 |
1 |
|
|a Телефонные станции, автоматические
|2 stltpush
|3 (RuTPU)RU\TPU\subj\59349
|9 76909
|
| 610 |
1 |
|
|a элементная база
|
| 610 |
1 |
|
|a электропитание
|
| 610 |
1 |
|
|a функциональные узлы
|
| 610 |
1 |
|
|a местная телефонная связь
|
| 610 |
1 |
|
|a программное обеспечение
|
| 610 |
1 |
|
|a внешняя связь
|
| 610 |
1 |
|
|a железнодорожная связь
|
| 610 |
1 |
|
|a применение
|
| 610 |
1 |
|
|a эксплуатация
|
| 610 |
1 |
|
|a надежность
|
| 675 |
|
|
|a 654.15
|z rus
|v 3
|
| 700 |
|
1 |
|a Храмченков
|b С. И.
|g Семен Иванович
|4 070
|
| 701 |
|
1 |
|a Гринберг
|b М. Г.
|g Михаил Григорьевич
|4 070
|
| 801 |
|
0 |
|a RU
|b RuMRKP
|c 19950704
|g psbo
|
| 801 |
|
1 |
|a RU
|b 63413507
|c 20140707
|
| 801 |
|
2 |
|a RU
|b 63413507
|c 20150730
|g RCR
|
| 942 |
|
|
|c BK
|